00269nam a2200121Ia 4500100003100000250000600031654002200037245002400059260002600083082001800109300000800127546001200135 aLalonde/ Wilf/ Pugh/ John  aI aInside small talk aInside Smalll Talk bPrentice Hallc1990 a5.43bLAL/PUG a512 aENGLISH